000 00304nam a22001337a 4500
020 _a978-93-90292-66-0
082 _a823
_bMAP/G
100 _aMAPLE KIDS
245 _aGANESHA
260 _aNOIDA
_bMAPLE PRESS PRIVATE LIMITED
_c2020
300 _a16
650 _aCHILDRENS LITERATURE
_zINDIA
942 _cBK
999 _c7080
_d7080